000 00594nam a2200229Ia 4500
003 OSt
005 20221005121448.0
006 a|||||r|||| 00| 0
007 ta
008 221004b |||||||| |||| 00| 0 eng d
024 _a50109
037 _cTextual
040 _aCRL
_cCRL
_beng
041 _2eng
_aeng
082 _aT4g3:N5, J2
245 0 _aHigher education in the United Kingdom
_b A handbook for student's from overseas
260 _c1952
650 _a EDUCATION
650 _aHIGHER EDUCATION
942 _hT4g3:N5, J2
_cTEXL
_2cc
999 _c1041222
_d1041222